000 00339nam a2200133Ia 4500
008 260604s9999 xx 000 0 und d
020 _a9781032745350
082 _a658.406 MAR
100 _aGraeme martin
_935773
245 0 _aManaging People in Changing Organizations
260 _bRoutledge
500 _aManagement, Change
942 _cBK
999 _c8603
_d8603